000 00684nam a2200265Ia 4500
005 20260121170738.0
008 008 260114s9999 xx 000 0 eng d
020 _a9783319783642
037 _aEBOOK
040 _aCRL
040 _beng
040 _cCRL
041 _2eng
041 _aeng
084 _qCRL
100 _aBrian C. Gilger, Cynthia S. Cook, Michael H. Brown
_91067648
245 0 _aStandards for Ocular Toxicology and Inflammation
260 _bSpringer
260 _bSpringer
260 _c2018
856 _uhttps://link.springer.com/openurl?genre=book&isbn=978-3-319-78364-2
942 _cEBOOK
999 _c1633378
_d1633378